000 00911nabaa22002177a 4500
999 _c6188
_d6188
003 OSt
005 20260125010310.0
008 190701b xxu||||| |||| 00| 0 spa d
040 _cPJ
100 _91494
_aIvanega, Miriam Mabel
245 1 3 _aEl derecho a un plazo razonable /
_cMiriam M. Ivanega.
300 _ap. 3-12
500 _aCita: TR LALEY AR/DOC/2163/2024
505 _aSumario: I. Principios y derechos.— II. La tutela administrativa efectiva.— III. El derecho al plazo razonable.— IV. Concluyendo.
505 _t¿Te interesa el texto completo? Comunicate al correo: koha@justierradelfuego.gov.ar
650 0 _9211
_aDERECHO ADMINISTRATIVO
650 0 _aPROCEDIMIENTO ADMINISTRATIVO
_91135
650 0 _aREFORMA DEL ESTADO
_93177
773 0 _02842
_93251
_dBuenos Aires : AbeledoPerrot, 2012-
_oDA121
_tDerecho administrativo. Nº 155 septiembre/octubre 2024
_z18510590
942 _2udc
_cANA